Príčiny vzniku finančnej krízy a jej dopady na svetový trh diplomová práca

Enregistré dans:
Détails bibliographiques
Auteur principal: Zimková, Jana
Collectivité auteur: Podnikovohospodárska fakulta EU so sídlom v Košiciach. Katedra ekonómie
Autres auteurs: Porvazník, Ján
Format: Livre
Langue:slovaque
Publié: Košice 2010
Tags: Ajouter un tag
Pas de tags, Soyez le premier à ajouter un tag!

MARC

LEADER 00000nam$a2200000$$$4500
001 0123607
005 20240827092904.2
041 0 |a slo 
044 |a SK 
245 1 0 |a Príčiny vzniku finančnej krízy a jej dopady na svetový trh  |b diplomová práca  |c Jana Zimková ; škol. Ján Porvazník 
264 1 |a Košice  |c 2010 
300 |a 78 s. 
100 1 |a Zimková, Jana 
700 1 |a Porvazník, Ján 
710 2 |a Podnikovohospodárska fakulta EU so sídlom v Košiciach. Katedra ekonómie